[Event "Medellin Flores op 30th"]
[Site "Medellin"]
[Date "2023.08.05"]
[Round "5"]
[White "Velasquez, Gabriel"]
[Black "Avellaneda Arevalo, Ronald"]
[Result "1/2-1/2"]
[WhiteElo "2069"]
[BlackElo "1893"]
[PlyCount "70"]
[EventDate "2023.08.03"]
[EventType "swiss"]
[EventRounds "9"]
[EventCountry "COL"]
[SourceTitle "EXT 2024"]
[Source "ChessBase"]
[SourceDate "2023.10.10"]
[SourceVersion "1"]
[SourceVersionDate "2023.10.10"]
[SourceQuality "1"]

1. e4 c6 2. d4 d5 3. e5 Bf5 4. Nf3 Nd7 5. c3 e6 6. Bd3 Bg6 7. 0-0 c5 8. Bxg6 hxg6 9. Nbd2 Ne7 10. Qa4 Nc6 11. Re1 Be7 12. Nf1 cxd4 13. cxd4 0-0 14. Bd2 Qb6 15. Rab1 Bb4 16. Rec1 Bxd2 17. N1xd2 Rac8 18. b4 f6 19. exf6 gxf6 20. Qb3 Nxd4 21. Qd3 Nxf3+ 22. Nxf3 Kg7 23. Re1 Ne5 24. Nxe5 fxe5 25. Qg3 Rc2 26. Rf1 Rf5 27. Rbc1 Rxc1 28. Rxc1 Qxb4 29. Rc7+ Kf6 30. h3 Qe1+ 31. Kh2 Qxf2 32. Qa3 Kg5 33. Qe7+ Kf4 34. Rc3 e4 35. Qxe6 g5 1/2-1/2

[Event "Bogota IRT de la Sabana+"]
[Site "Bogota"]
[Date "2013.01.05"]
[Round "5"]
[White "Avellaneda Arevalo, Ronald"]
[Black "Nieto, Manuel Valerio Wald"]
[Result "0-1"]
[WhiteElo "1915"]
[BlackElo "1944"]
[PlyCount "44"]
[EventDate "2013.01.03"]
[EventType "tourn"]
[EventRounds "18"]
[EventCountry "COL"]
[SourceTitle "EXT 2022"]
[Source "ChessBase"]
[SourceDate "2021.10.06"]
[SourceVersion "1"]
[SourceVersionDate "2021.10.06"]
[SourceQuality "1"]

1. Nf3 Nf6 2. d4 g6 3. c4 Bg7 4. Nc3 d6 5. Bg5 c6 6. Qd2 Bf5 7. Bh6 0-0 8. Bxg7 Kxg7 9. Nh4 Bd7 10. e4 e5 11. dxe5 dxe5 12. Nf3 Qc7 13. 0-0-0 Na6 14. Nxe5 Qxe5 15. f4 Qc5 16. e5 Ng4 17. Ne4 Qb6 18. Qxd7 Qe3+ 19. Rd2 Nf2 20. Ng5 Nc5 21. Qe7 Rad8 22. Qf6+ Kg8 0-1

[Event "Bogota McGregor op 2nd"]
[Site "Bogota"]
[Date "2011.12.11"]
[Round "9"]
[White "Avellaneda Arevalo, Ronald"]
[Black "Conti, Julian"]
[Result "1-0"]
[WhiteElo "1921"]
[BlackElo "2037"]
[PlyCount "67"]
[EventDate "2011.12.06"]
[EventType "swiss"]
[EventRounds "10"]
[EventCountry "COL"]
[SourceTitle "CBM 145 Extra"]
[Source "ChessBase"]
[SourceDate "2012.01.03"]
[SourceVersion "1"]
[SourceVersionDate "2012.01.03"]
[SourceQuality "1"]

1. e4 c5 2. Nf3 d6 3. Nc3 Nc6 4. Bb5 Bd7 5. 0-0 e6 6. Re1 Be7 7. d3 Qc7 8. a4 Nf6 9. Bf4 0-0 10. e5 Ne8 11. exd6 Bxd6 12. Bxd6 Nxd6 13. Bxc6 Bxc6 14. Ne5 Be8 15. Qg4 Nf5 16. Nf3 Bc6 17. Ne4 Qe7 18. Ng3 Qf6 19. c3 Rad8 20. Ne4 Qe7 21. Ne5 Be8 22. Ng3 Nxg3 23. Qxg3 Qd6 24. Re3 f6 25. Nc4 Qd7 26. b3 Bf7 27. f4 Rfe8 28. Rae1 Qd5 29. Qg4 Re7 30. Rg3 Bh5 31. Qh4 Qf5 32. Re5 Bg6 33. Rxf5 exf5 34. Qh3 1-0

[Event "Bogota los Zipas-A"]
[Site "Bogota"]
[Date "2010.11.13"]
[Round "4.1"]
[White "Avellaneda Arevalo, Ronald"]
[Black "Nieto, Manuel Valerio Wald"]
[Result "0-1"]
[WhiteElo "1965"]
[BlackElo "1797"]
[PlyCount "76"]
[EventDate "2010.11.11"]
[EventType "tourn"]
[EventRounds "9"]
[EventCountry "COL"]
[SourceTitle "EXT 2024"]
[Source "ChessBase"]
[SourceDate "2023.10.10"]
[SourceVersion "1"]
[SourceVersionDate "2023.10.10"]
[SourceQuality "1"]

1. d4 Nf6 2. Nf3 c5 3. d5 e6 4. c4 exd5 5. cxd5 d6 6. e4 Bg4 7. Bb5+ Nbd7 8. Nc3 a6 9. Bxd7+ Qxd7 10. 0-0 Be7 11. Re1 0-0 12. Qd3 Bxf3 13. Qxf3 Qg4 14. Qxg4 Nxg4 15. f4 Bf6 16. h3 Bd4+ 17. Kh1 Nf2+ 18. Kh2 Rfe8 19. Re2 Bxc3 20. Rxf2 Bd4 21. Re2 f5 22. Bd2 Rxe4 23. Rxe4 fxe4 24. Bc3 Re8 25. Kg3 e3 26. Kf3 b5 27. Rd1 e2 28. Re1 Re3+ 29. Kg4 Bxc3 30. bxc3 b4 31. cxb4 cxb4 32. f5 a5 33. Kf4 Re5 34. g4 a4 35. Kf3 b3 36. axb3 axb3 37. Kf2 b2 38. h4 Rxd5 0-1

[Event "Bogota los Zipas-A"]
[Site "Bogota"]
[Date "2010.11.12"]
[Round "2.1"]
[White "Acosta, Mariano"]
[Black "Avellaneda Arevalo, Ronald"]
[Result "1-0"]
[WhiteElo "2060"]
[BlackElo "1965"]
[PlyCount "97"]
[EventDate "2010.11.11"]
[EventType "tourn"]
[EventRounds "9"]
[EventCountry "COL"]
[SourceTitle "EXT 2024"]
[Source "ChessBase"]
[SourceDate "2023.10.10"]
[SourceVersion "1"]
[SourceVersionDate "2023.10.10"]
[SourceQuality "1"]

1. Nf3 c5 2. e3 d5 3. b3 Nf6 4. d4 Bg4 5. h3 Bh5 6. Nbd2 e6 7. Bb2 Nc6 8. g4 Bg6 9. Ne5 Nxe5 10. dxe5 Nd7 11. h4 h5 12. g5 Be7 13. Bg2 Qc7 14. f4 0-0-0 15. 0-0 Bf5 16. c4 Nb6 17. Qf3 Bg4 18. Qf2 dxc4 19. Nxc4 Nxc4 20. bxc4 Qa5 21. Rab1 Rd2 22. Bxb7+ Kc7 23. Qe1 Rhd8 24. Bc1 Rxa2 25. Be4 Rb8 26. Qxa5+ Rxa5 27. Bd2 Ra6 28. Ra1 Rxa1 29. Rxa1 Kd8 30. Rxa7 Ke8 31. Ba5 g6 32. Bc7 Rc8 33. Bd6 Bxd6 34. exd6 Rd8 35. Bc6+ Kf8 36. Rd7 Ke8 37. Rc7+ Kf8 38. d7 Ke7 39. Bb5 e5 40. Rxc5 exf4 41. Re5+ Kd6 42. Rd5+ Kc7 43. exf4 Bf3 44. Rc5+ Kd6 45. Rc8 Ke7 46. c5 Bg4 47. Rxd8 Kxd8 48. c6 Kc7 49. Kf2 1-0

[Event "Tocancipa de los Zipas"]
[Site "Tocancipa"]
[Date "2010.10.19"]
[Round "3.2"]
[White "Avellaneda Arevalo, Ronald"]
[Black "Consuegra, Oscar Enrique"]
[Result "0-1"]
[WhiteElo "1960"]
[BlackElo "2084"]
[PlyCount "105"]
[EventDate "2010.10.19"]
[EventType "tourn"]
[EventRounds "10"]
[EventCountry "COL"]
[SourceTitle "EXT 2024"]
[Source "ChessBase"]
[SourceDate "2023.10.10"]
[SourceVersion "1"]
[SourceVersionDate "2023.10.10"]
[SourceQuality "1"]

1. e4 e5 2. Nf3 Nc6 3. Bb5 f5 4. exf5 e4 5. Qe2 Qe7 6. Bxc6 dxc6 7. Nd4 Nf6 8. Nc3 c5 9. Qb5+ Qd7 10. Ne6 Qxb5 11. Nxb5 Bxe6 12. Nxc7+ Kd7 13. Nxe6 Rg8 14. Nxf8+ Rgxf8 15. b3 Nd5 16. Bb2 Rxf5 17. 0-0 Nb4 18. Bxg7 Nxc2 19. Rac1 Nb4 20. a3 Nd3 21. Rc4 Re8 22. Bh6 b5 23. Rc2 Rh5 24. Be3 Rg8 25. Rb1 Ne5 26. Kh1 Nd3 27. a4 b4 28. Rc4 Rf8 29. Rf1 Rhf5 30. Kg1 Re8 31. f4 exf3 32. Rxf3 Rxf3 33. gxf3 Rg8+ 34. Kf1 Kc6 35. Ke2 Rd8 36. Bxc5 Nxc5 37. d4 Rg8 38. Rxc5+ Kd6 39. Kf2 Rg6 40. h4 Rf6 41. Ra5 Rf4 42. Rxa7 Rxd4 43. Rxh7 Rd3 44. h5 Rxb3 45. h6 Ra3 46. Ra7 Ra1 47. h7 Rh1 48. a5 Kc6 49. a6 Kb5 50. f4 b3 51. Rb7+ Kxa6 52. Rxb3 Rxh7 53. Kf3 0-1

[Event "Tocancipa de los Zipas"]
[Site "Tocancipa"]
[Date "2010.10.19"]
[Round "7.2"]
[White "Avellaneda Arevalo, Ronald"]
[Black "Nieto, Manuel Valerio Wald"]
[Result "0-1"]
[WhiteElo "1960"]
[BlackElo "1751"]
[PlyCount "94"]
[EventDate "2010.10.19"]
[EventType "tourn"]
[EventRounds "10"]
[EventCountry "COL"]
[SourceTitle "EXT 2024"]
[Source "ChessBase"]
[SourceDate "2023.10.10"]
[SourceVersion "1"]
[SourceVersionDate "2023.10.10"]
[SourceQuality "1"]

1. d4 Nf6 2. Nf3 c5 3. d5 d6 4. c4 e6 5. Nc3 exd5 6. Nxd5 Nbd7 7. Bg5 Be7 8. e4 Nxd5 9. Qxd5 Nb6 10. Qd2 Bg4 11. Bf4 Qd7 12. 0-0-0 0-0-0 13. Qa5 Qa4 14. Qxa4 Nxa4 15. h3 Bxf3 16. gxf3 Bf6 17. b3 Nc3 18. Rd2 a6 19. Rc2 b5 20. cxb5 axb5 21. Bd2 b4 22. Bc4 Rd7 23. Bxc3 bxc3 24. Rd1 Bd4 25. a4 Ra7 26. Rd3 f6 27. Kd1 Kc7 28. Ke2 Rb8 29. Rxd4 cxd4 30. Kd3 Ra5 31. Bb5 Rbxb5 32. axb5 Rxb5 33. Kxd4 Rxb3 34. Rxc3+ Rxc3 35. Kxc3 Kc6 36. Kd4 g5 37. Ke3 d5 38. f4 Kd6 39. f5 Ke5 40. exd5 Kxd5 41. f4 h5 42. Kf3 Kd6 43. Ke4 g4 44. hxg4 hxg4 45. Ke3 Kd5 46. Kf2 Ke4 47. Kg3 Kxf5 0-1

[Event "Tocancipa de los Zipas"]
[Site "Tocancipa"]
[Date "2010.10.19"]
[Round "4.3"]
[White "Hernandez, Oscar Eduardo"]
[Black "Avellaneda Arevalo, Ronald"]
[Result "1/2-1/2"]
[WhiteElo "2015"]
[BlackElo "1960"]
[PlyCount "24"]
[EventDate "2010.10.19"]
[EventType "tourn"]
[EventRounds "10"]
[EventCountry "COL"]
[SourceTitle "EXT 2024"]
[Source "ChessBase"]
[SourceDate "2023.10.10"]
[SourceVersion "1"]
[SourceVersionDate "2023.10.10"]
[SourceQuality "1"]

1. d4 Nf6 2. Nf3 g6 3. Bg5 Bg7 4. e3 d5 5. Nbd2 c6 6. Bd3 0-0 7. 0-0 Nbd7 8. h4 h5 9. Ne5 Nxe5 10. dxe5 Ng4 11. Bf4 Bxe5 12. Bxe5 Nxe5 1/2-1/2

[Event "Bogota los Zipas 2nd"]
[Site "Bogota"]
[Date "2010.10.17"]
[Round "7"]
[White "Rozo, Claudia Magally"]
[Black "Avellaneda Arevalo, Ronald"]
[Result "0-1"]
[WhiteElo "1751"]
[BlackElo "1961"]
[PlyCount "67"]
[EventDate "2010.10.09"]
[EventType "tourn"]
[EventRounds "9"]
[EventCountry "COL"]
[SourceTitle "EXT 2024"]
[Source "ChessBase"]
[SourceDate "2023.10.10"]
[SourceVersion "1"]
[SourceVersionDate "2023.10.10"]
[SourceQuality "1"]

1. d4 g6 2. Nf3 d5 3. c3 Nf6 4. Bg5 Bg7 5. Nbd2 0-0 6. e3 Nbd7 7. Bd3 c5 8. Ne5 Nxe5 9. dxe5 Nd7 10. Nf3 Qc7 11. Bf4 Nxe5 12. 0-0 Nxf3+ 13. Qxf3 e5 14. Bg3 Be6 15. Rad1 Qc6 16. Bc2 Rad8 17. Rd2 f5 18. Bh4 Rd7 19. Qe2 d4 20. exd4 exd4 21. cxd4 Bxd4 22. Ba4 Qe4 23. Qxe4 fxe4 24. Bxd7 Bxd7 25. Be7 Rf7 26. Bg5 Bb5 27. Re1 Bd3 28. Be3 Bxe3 29. Rxe3 c4 30. f3 b5 31. Rd1 exf3 32. Rxf3 Re7 33. Kf2 Kg7 34. Kg3 0-1

[Event "Medellin GP Feria de Flores"]
[Site "Medellin"]
[Date "2009.08.05"]
[Round "1.1"]
[White "Aponte Castillo, Jose Ernesto"]
[Black "Avellaneda Arevalo, Ronald"]
[Result "1-0"]
[WhiteElo "2160"]
[BlackElo "2004"]
[PlyCount "63"]
[EventDate "2009.08.05"]
[EventType "swiss"]
[EventRounds "9"]
[EventCountry "COL"]
[SourceTitle "EXT 2024"]
[Source "ChessBase"]
[SourceDate "2023.10.10"]
[SourceVersion "1"]
[SourceVersionDate "2023.10.10"]
[SourceQuality "1"]

1. e4 c5 2. Nf3 Nc6 3. Bb5 d6 4. 0-0 e5 5. c3 a6 6. Ba4 b5 7. Bc2 Nf6 8. h3 Be7 9. d4 0-0 10. Nbd2 Re8 11. a4 Bb7 12. d5 Nb8 13. b4 c4 14. Nh2 Nbd7 15. Ng4 Nxg4 16. hxg4 Bg5 17. g3 Bxd2 18. Bxd2 Rf8 19. Qe2 f6 20. Ra2 Qc7 21. Rfa1 Rfc8 22. axb5 axb5 23. Ra5 Rxa5 24. Rxa5 Ra8 25. Rxa8+ Bxa8 26. g5 Qa7 27. Qg4 Qc7 28. Qe6+ Kf8 29. Bd1 fxg5 30. Bxg5 Nb8 31. Bh5 Qd7 32. Be7+ 1-0

[Event "Medellin GP Feria de Flores"]
[Site "Medellin"]
[Date "2009.08.05"]
[Round "6.1"]
[White "Avellaneda Arevalo, Ronald"]
[Black "Abril Guiza, Mauricio"]
[Result "0-1"]
[WhiteElo "2004"]
[BlackElo "2013"]
[PlyCount "88"]
[EventDate "2009.08.05"]
[EventType "swiss"]
[EventRounds "9"]
[EventCountry "COL"]
[SourceTitle "EXT 2024"]
[Source "ChessBase"]
[SourceDate "2023.10.10"]
[SourceVersion "1"]
[SourceVersionDate "2023.10.10"]
[SourceQuality "1"]

1. e4 c5 2. Nf3 Nc6 3. d4 cxd4 4. Nxd4 Nf6 5. Nc3 e5 6. Ndb5 d6 7. Bg5 a6 8. Na3 b5 9. Nd5 Qa5+ 10. Bd2 Qd8 11. Bd3 Nxd5 12. exd5 Ne7 13. c4 g6 14. cxb5 Bg7 15. Bc4 0-0 16. 0-0 Bb7 17. Bc3 Qb6 18. bxa6 Bxa6 19. Qb3 Qc7 20. Bxa6 Rxa6 21. Rac1 Rb8 22. Qd1 Qb7 23. Qf3 Nxd5 24. Nc4 e4 25. Qg3 Nxc3 26. bxc3 Qc6 27. Ne3 Rxa2 28. h4 Ra5 29. Rfd1 Be5 30. Qg4 h5 31. Qh3 Rb3 32. c4 Kh7 33. g4 Bf4 34. g5 Raa3 35. Re1 Qb7 36. Rc2 Rb1 37. Qf1 Rxe1 38. Qxe1 Bxe3 39. fxe3 Qa7 40. Kf2 Qc5 41. Rc3 Qf5+ 42. Ke2 Qf3+ 43. Kd2 Qg2+ 44. Kd1 Ra2 0-1

[Event "COL-ch U26"]
[Site "Bogota"]
[Date "2009.07.16"]
[Round "3.11"]
[White "Nieto, Manuel Valerio Wald"]
[Black "Avellaneda Arevalo, Ronald"]
[Result "0-1"]
[WhiteElo "1747"]
[BlackElo "2004"]
[PlyCount "101"]
[EventDate "2009.07.16"]
[EventType "swiss"]
[EventRounds "7"]
[EventCountry "COL"]
[SourceTitle "EXT 2024"]
[Source "ChessBase"]
[SourceDate "2023.10.10"]
[SourceVersion "1"]
[SourceVersionDate "2023.10.10"]
[SourceQuality "1"]

1. Nf3 d5 2. d3 c5 3. g3 Nc6 4. Bg2 Nf6 5. 0-0 Bg4 6. Nbd2 e6 7. c3 Be7 8. Qc2 0-0 9. e4 dxe4 10. Nxe4 Nxe4 11. dxe4 Qc7 12. Be3 Rfd8 13. Rad1 b6 14. Rxd8+ Rxd8 15. Rd1 b5 16. Rxd8+ Qxd8 17. Qd2 Qxd2 18. Bxd2 Kf8 19. h3 Bh5 20. Kf1 Ke8 21. Bf4 Kd7 22. Ne5+ Nxe5 23. Bxe5 f6 24. Bb8 Kc8 25. Bf4 e5 26. Be3 Kc7 27. g4 Bf7 28. b3 a5 29. Ke1 Kc6 30. Bf1 c4 31. bxc4 Bxc4 32. Bxc4 bxc4 33. Kd2 Bc5 34. Bxc5 Kxc5 35. Kc2 Kb5 36. Kb2 Ka4 37. h4 g6 38. h5 gxh5 39. gxh5 Kb5 40. Ka3 a4 41. h6 Ka5 42. Kb2 Ka6 43. Kc2 Kb6 44. Kd2 Kc6 45. Ke3 Kd6 46. Kf3 Ke6 47. Kg4 a3 48. f4 exf4 49. Kxf4 Ke7 50. Kf5 Kf7 51. e5 0-1